Logo

Description automatically generated
विद्यार्जन
 संसाधन केंद्र, भारतीय प्रौद्योगिकी संस्थान इन्दौर
Learning Resource Center, Indian Institute of Technology Indore

ऑनलाइन सार्वजनिक अभिगम प्रसूची
Online Public Access Catalogue (OPAC)

The outsider (Record no. 57323)

MARC details
000 -LEADER
fixed length control field 00649nam a2200229Ia 4500
005 - DATE AND TIME OF LATEST TRANSACTION
control field 20260629163255.0
008 - FIXED-LENGTH DATA ELEMENTS--GENERAL INFORMATION
fixed length control field 260629s9999||||xx |||||||||||||| ||und||
020 ## - INTERNATIONAL STANDARD BOOK NUMBER
International Standard Book Number 9780141182506
Qualifying information pbk
082 ## - DEWEY DECIMAL CLASSIFICATION NUMBER
Classification number 843.914
Item number CAM
100 ## - MAIN ENTRY--PERSONAL NAME
Personal name Camus, Albert
245 #4 - TITLE STATEMENT
Title The outsider
250 ## - EDITION STATEMENT
Edition statement 1st ed. 1983 ; rep. 2000
260 ## - PUBLICATION, DISTRIBUTION, ETC.
Place of publication, distribution, etc. London
Name of publisher, distributor, etc. Penguin Books
Date of publication, distribution, etc. 1983
300 ## - PHYSICAL DESCRIPTION
Extent 118p. ; 20cm.
653 ## - INDEX TERM--UNCONTROLLED
Uncontrolled term Alienation (Social psychology)—Fiction
653 ## - INDEX TERM--UNCONTROLLED
Uncontrolled term Existentialism—Fiction
653 ## - INDEX TERM--UNCONTROLLED
Uncontrolled term French Algeria—Fiction
653 ## - INDEX TERM--UNCONTROLLED
Uncontrolled term Philosophical fiction
653 ## - INDEX TERM--UNCONTROLLED
Uncontrolled term Psychological fiction
700 ## - ADDED ENTRY--PERSONAL NAME
Personal name Laredo, Joseph [tr.]
942 ## - ADDED ENTRY ELEMENTS (KOHA)
Koha item type Book
Holdings
Withdrawn status Lost status Damaged status Not for loan Home library Current library Shelving location Date acquired Source of acquisition Total Checkouts Full call number Barcode Date last seen Price effective from Koha item type
        LRC, IIT Indore LRC, IIT Indore 2nd Floor - General Stack 29/06/2026 Gratis Book Price: INR 299.00   843.914 CAM G2548 29/06/2026 29/06/2026 Book
Copyright © 2017-2026 Indian Institute of Technology Indore. All Rights Reserved.
Managed & maintained by Learning Resource Center, IIT Indore